000 00288nam a22001337a 4500
008 171018b xxu||||| |||| 00| 0 eng d
020 _a9781308265780
041 _aeng
080 _a338
100 _a53
101 _aMEN
245 _aMANAGEMENT STRATEGY
_cHALL,C.L
942 _2udc
_cBK
999 _c34569
_d34569